[Event "Montreal Perce Neige"]
[Site "Montreal"]
[Date "2018.04.08"]
[Round "4.2"]
[White "Lafleche, Alain"]
[Black "Zhong, Kevin"]
[Result "0-1"]
[WhiteElo "1637"]
[BlackElo "2055"]
[PlyCount "58"]
[EventDate "2018.04.??"]
[EventType "swiss"]
[EventRounds "4"]
[EventCountry "CAN"]
[SourceTitle "EXT 2022"]
[Source "ChessBase"]
[SourceDate "2021.10.06"]
[SourceVersion "1"]
[SourceVersionDate "2021.10.06"]
[SourceQuality "1"]

1. e4 c5 2. Nf3 Nc6 3. d4 cxd4 4. Nxd4 Nf6 5. Nc3 d6 6. f3 e5 7. Nb3 Be7 8. Be3 0-0 9. Qd2 a5 10. a4 Be6 11. Nd5 Bxd5 12. exd5 Nb4 13. c4 b6 14. Be2 Nd7 15. 0-0 f5 16. f4 Nc5 17. Bxc5 bxc5 18. fxe5 dxe5 19. Rac1 Bg5 20. Qe1 Bxc1 21. Nxc1 e4 22. Qf2 Qb6 23. Qf4 Nc2 24. Qe5 Nd4 25. d6 Rad8 26. Qd5+ Kh8 27. d7 Qc7 28. Bd1 Rxd7 29. Rxf5 Nxf5 0-1

[Event "Laval op"]
[Site "Laval"]
[Date "2016.06.26"]
[Round "7.14"]
[White "Gauthier, Luc"]
[Black "Lafleche, Alain"]
[Result "1-0"]
[WhiteElo "1805"]
[BlackElo "1719"]
[PlyCount "135"]
[EventDate "2016.06.23"]
[EventType "swiss"]
[EventRounds "7"]
[EventCountry "CAN"]
[SourceTitle "EXT 2022"]
[Source "ChessBase"]
[SourceDate "2021.10.06"]
[SourceVersion "1"]
[SourceVersionDate "2021.10.06"]
[SourceQuality "1"]

1. e4 e5 2. f4 d5 3. exd5 e4 4. d3 Qxd5 5. Nc3 Bb4 6. Bd2 Bxc3 7. Bxc3 f6 8. Qe2 Bf5 9. g4 Bg6 10. f5 Bf7 11. Qxe4+ Ne7 12. Bg2 0-0 13. Qe2 Qb5 14. Nf3 Nbc6 15. a4 Qb6 16. Qf2 Nd5 17. Qxb6 Rfe8+ 18. Kf2 axb6 19. Bd2 Ncb4 20. Ne1 Nc6 21. Nf3 Re7 22. Rhe1 Rae8 23. Rxe7 Rxe7 24. Re1 Rxe1 25. Nxe1 Ne5 26. h3 c6 27. Nf3 Nd7 28. d4 Nc7 29. b3 g6 30. Nh4 c5 31. fxg6 hxg6 32. dxc5 Nxc5 33. Be3 Nxb3 34. Bxb6 Nd5 35. Bxd5 Bxd5 36. cxb3 Bxb3 37. a5 Kf7 38. Nf3 Bd5 39. Nd4 Ke7 40. Ke3 g5 41. Kf2 Kd6 42. Nf5+ Ke6 43. Ng7+ Kf7 44. Nh5 Kg6 45. Ng3 Bc6 46. Nf5 Kf7 47. Kg3 Bd5 48. h4 gxh4+ 49. Kxh4 Bf3 50. Kg3 Bd5 51. Kf4 Bc6 52. Nd4 Bd5 53. Kf5 Ba2 54. Nb5 Be6+ 55. Kf4 Bd5 56. Nd6+ Kg6 57. Bd4 Bc6 58. Ne4 Bd5 59. Nxf6 Bc6 60. g5 Bh1 61. Ng4 Bd5 62. Ne5+ Kg7 63. Kf5 Bb3 64. Nd7+ Kg8 65. Kf6 Bd5 66. g6 Bf3 67. Ke7 Bh5 68. Nf6+ 1-0

[Event "Laval op"]
[Site "Laval"]
[Date "2016.06.24"]
[Round "2.16"]
[White "Saha, Ananda"]
[Black "Lafleche, Alain"]
[Result "1-0"]
[WhiteElo "1845"]
[BlackElo "1719"]
[PlyCount "73"]
[EventDate "2016.06.23"]
[EventType "swiss"]
[EventRounds "7"]
[EventCountry "CAN"]
[SourceTitle "EXT 2022"]
[Source "ChessBase"]
[SourceDate "2021.10.06"]
[SourceVersion "1"]
[SourceVersionDate "2021.10.06"]
[SourceQuality "1"]

1. d4 d5 2. c4 Nc6 3. Nc3 dxc4 4. Nf3 Bg4 5. e3 e5 6. d5 Bxf3 7. gxf3 Na5 8. Qa4+ c6 9. b4 b5 10. Qxa5 Qxa5 11. bxa5 b4 12. dxc6 bxc3 13. Rb1 Bc5 14. Bxc4 Ne7 15. Rb5 Bd6 16. 0-0 0-0 17. Rd1 Rfd8 18. Rd3 Nxc6 19. Rxc3 Nxa5 20. Rxa5 Bb4 21. Bxf7+ Kh8 22. Rac5 Bxc5 23. Rxc5 Rdc8 24. Ba3 g6 25. Rxe5 Kg7 26. Bb3 a5 27. Bb2 Kh6 28. Bd4 a4 29. Bd5 Rab8 30. Kg2 Rc7 31. Re6 Rb5 32. e4 Kh5 33. Be3 h6 34. Re5+ Kh4 35. Bxh6 Rc2 36. Bg5+ Kh5 37. Bf4+ 1-0

[Event "Quebec-ch Senior"]
[Site "Montreal"]
[Date "2014.02.08"]
[Round "2"]
[White "Lafleche, Alain"]
[Black "Langlois, Jean Marie"]
[Result "1/2-1/2"]
[WhiteElo "1793"]
[BlackElo "1374"]
[PlyCount "82"]
[EventDate "2014.02.07"]
[EventType "swiss"]
[EventRounds "5"]
[EventCountry "CAN"]
[SourceTitle "EXT 2022"]
[Source "ChessBase"]
[SourceDate "2021.10.06"]
[SourceVersion "1"]
[SourceVersionDate "2021.10.06"]
[SourceQuality "1"]

1. e4 c5 2. Nf3 Nf6 3. Nc3 Nc6 4. d4 cxd4 5. Nxd4 a6 6. f3 e6 7. Be3 d6 8. Qd2 Be7 9. 0-0-0 Qc7 10. g4 b5 11. h4 Bb7 12. h5 h6 13. Nb3 Ne5 14. Qf2 Nc4 15. Bxc4 bxc4 16. Bb6 Qc8 17. Na5 d5 18. e5 Nd7 19. Rhe1 Bb4 20. f4 0-0 21. g5 hxg5 22. fxg5 Be7 23. Qg1 Nxb6 24. Qxb6 Bxg5+ 25. Kb1 Bd8 26. Qxb7 Bxa5 27. Qe7 Bxc3 28. bxc3 Qd8 29. Qc5 Qg5 30. Qd4 Rfb8+ 31. Ka1 Qe7 32. Rb1 Qa3 33. Rxb8+ Rxb8 34. Rb1 Rb5 35. Qe3 Ra5 36. Rb2 Rb5 37. Rxb5 axb5 38. Qg5 Qxc3+ 39. Kb1 b4 40. h6 Qe1+ 41. Kb2 Qc3+ 1/2-1/2